Southville International School and Colleges
Your cart is empty.
  • Cart
  • Lists
    Public lists Eva Luna New books Lux_list list_1
    Your lists Log in to create your own lists
  • Log in to your account
  • Your cookies
  • Search history
Southville International School and Colleges
  • Advanced search
  • Recent comments
  • Most popular
  • Libraries

Log in to your account

Log in with GOOGLE


If you do not have an external account, but do have a local account, you can still log in:

  1. Home
  2. MARC view: Scholastic dictionary of idioms :
Normal view MARC view ISBD view

Scholastic dictionary of idioms : (Record no. 305974)

[ view plain ]
MARC details
000 -LEADER
fixed length control field 00924nam a2200325Ia 4500
008 - FIXED-LENGTH DATA ELEMENTS--GENERAL INFORMATION
fixed length control field 170203s9999 xx 000 0 und d
020 ## - INTERNATIONAL STANDARD BOOK NUMBER
International Standard Book Number 0 590381571
050 ## - LIBRARY OF CONGRESS CALL NUMBER
Classification number 413
050 ## - LIBRARY OF CONGRESS CALL NUMBER
Item number T333d 1996
100 ## - MAIN ENTRY--PERSONAL NAME
Personal name Terban, Marvin.
245 ## - TITLE STATEMENT
Title Scholastic dictionary of idioms :
245 ## - TITLE STATEMENT
Remainder of title more than 600 phrases, sayings & expressions /
245 ## - TITLE STATEMENT
Statement of responsibility, etc Marvin Terban.
260 ## - PUBLICATION, DISTRIBUTION, ETC. (IMPRINT)
Place of publication, distribution, etc USA :
260 ## - PUBLICATION, DISTRIBUTION, ETC. (IMPRINT)
Name of publisher, distributor, etc Scholastic Inc.
260 ## - PUBLICATION, DISTRIBUTION, ETC. (IMPRINT)
Date of publication, distribution, etc 1996
300 ## - PHYSICAL DESCRIPTION
Extent 245 pages :
300 ## - PHYSICAL DESCRIPTION
Other physical details illustrations ;
300 ## - PHYSICAL DESCRIPTION
Dimensions 23 cm.
650 ## - SUBJECT ADDED ENTRY--TOPICAL TERM
Topical term or geographic name as entry element English language -- Idioms --
650 ## - SUBJECT ADDED ENTRY--TOPICAL TERM
Topical term or geographic name as entry element English language -- Idioms -- Dictionaries,
650 ## - SUBJECT ADDED ENTRY--TOPICAL TERM
Topical term or geographic name as entry element English language -- Terms and phrases --
650 ## - SUBJECT ADDED ENTRY--TOPICAL TERM
Topical term or geographic name as entry element Figures of speech --
650 ## - SUBJECT ADDED ENTRY--TOPICAL TERM
Topical term or geographic name as entry element Figures of speech --
650 ## - SUBJECT ADDED ENTRY--TOPICAL TERM
General subdivision Dictionaries, Juvenile.
650 ## - SUBJECT ADDED ENTRY--TOPICAL TERM
General subdivision Dictionaries.
650 ## - SUBJECT ADDED ENTRY--TOPICAL TERM
General subdivision Dictionaries.
650 ## - SUBJECT ADDED ENTRY--TOPICAL TERM
General subdivision Juvenile literature.
650 ## - SUBJECT ADDED ENTRY--TOPICAL TERM
General subdivision Juvenile.
Holdings
Withdrawn status Lost status Damaged status Home library Current library Shelving location Date acquired Total Checkouts Full call number Barcode Date last seen Price effective from Koha item type
      Stonyhurst Southville International School (Batangas) Stonyhurst Southville International School (Batangas)   02/03/2017   Ref. 413 .T333d 1996 US- 2303 02/03/2017 02/03/2017 Books

Scholastic dictionary of idioms :

APA

Terban M., .Scholastic dictionary of idioms. USA: .

Chicago

Terban Marvin, .Scholastic dictionary of idioms. USA: .

Harvard

Terban M., .Scholastic dictionary of idioms. USA: .

MLA

Terban Marvin, .USA: . .

  • Place hold
  • Print
  • Cite
  • Add to your cart (remove)
  • Save record
    BIBTEX Dublin Core MARCXML MARC (non-Unicode/MARC-8) MARC (Unicode/UTF-8) MARC (Unicode/UTF-8, Standard) MODS (XML) RIS
  • More searches
    Search for this title in:
    Other Libraries (WorldCat) Other Databases (Google Scholar) Online Stores (Bookfinder.com) Open Library (openlibrary.org)

Exporting to Dublin Core...

SOUTHVILLE LIBRARY

Southville International School and Colleges Library

1281 Tropical Ave. Cor. Luxembourg St., BF Homes International, Las Pinas City

Tel. No. 8256374 / 252358 Loc. 117/146

Powered by Koha